000 00245nam a2200097Ia 4500
001 798616
005 20250826170831.0
008 250824s9999 xx 000 0 und d
245 0 _aHAYATTA KALMA KILAVUZU
_cBEAR GRYLLS
260 _bPORTAKAL YAYINLARI
999 _c798616
_d798616